Normal view
MARC view
- Dr. Bilal Khan
Entry Personal Name
001 - CONTROL NUMBER
- control field: 28611
003 - CONTROL NUMBER IDENTIFIER
- control field: NUST
005 - DATE AND TIME OF LATEST TRANSACTION
- control field: 20200226105516.0
008 - FIXED-LENGTH DATA ELEMENTS
- fixed length control field: 200226|| aca||aabn | a|a d
040 ## - CATALOGING SOURCE
- Original cataloging agency: NUST
- Transcribing agency: NUST
100 ## - HEADING--PERSONAL NAME
- Personal name: Dr. Bilal Khan
670 ## - SOURCE DATA FOUND
- Source citation: Work cat.: (NUST): Attaullah 28610, Multiphase CFD Simulation for Performance Estimation of Forced Venturi Scrubber Using Euler-Lagrange Method / /, 2017.
